书目信息 |
| 题名: |
二茂铁功能化配体的合成及电化学客体识别性能研究
|
|
| 作者: | 刘伟 著 | |
| 分册: | ||
| 出版信息: | 长春 吉林大学出版社 2017 |
|
| 页数: | 209页 | |
| 开本: | 24cm | |
| 丛书名: | ||
| 单 册: | ||
| 中图分类: | O627.8 | |
| 科图分类: | ||
| 主题词: | 二茂铁--er mao tie--研究 | |
| 电子资源: | ||
| ISBN: | 978-7-5692-0074-4 | |
| 000 | 01051nam0 2200265 450 | |
| 001 | 012001002454 | |
| 005 | 20140101103901.0 | |
| 010 | @a978-7-5692-0074-4@dCNY49.00 | |
| 099 | @aCAL 012017174388 | |
| 100 | @a20171128d2017 em y0chiy50 ea | |
| 101 | 0 | @achi |
| 102 | @aCN@b220000 | |
| 105 | @aak a 000yy | |
| 106 | @ar | |
| 200 | 1 | @a二茂铁功能化配体的合成及电化学客体识别性能研究@Aer mao tie gong neng hua pei ti de he cheng ji dian hua xue ke ti shi bie xing neng yan jiu@f刘伟著 |
| 210 | @a长春@c吉林大学出版社@d2017 | |
| 215 | @a209页@c图@d24cm | |
| 320 | @a有书目 | |
| 330 | @a本书设计合成了六个系列分别具有金属离子或阴离子识别性能的二茂铁基有机金属化合物, 利用现代分析测试手段, 表征了这些化合物的组成和结构。研究了它们的电化学性质, 并通过电化学等方法对它们与不同金属离子或阴离子的识别响应性能进行了研究。 | |
| 333 | @a化学、工业及医药等领域技术人员及相关读者。 | |
| 606 | 0 | @a二茂铁@Aer mao tie@x研究 |
| 690 | @aO627.8@v5 | |
| 701 | 0 | @a刘伟@Aliu wei@4著 |
| 801 | 0 | @aCN@b北京卓展@c20191020 |
| 905 | @b1203500-3@dO627.8@e9@f4 | |
| 二茂铁功能化配体的合成及电化学客体识别性能研究/刘伟著.-长春:吉林大学出版社,2017 |
| 209页:图;24cm |
| 使用对象:化学、工业及医药等领域技术人员及相关读者。 |
| ISBN 978-7-5692-0074-4:CNY49.00 |
| 本书设计合成了六个系列分别具有金属离子或阴离子识别性能的二茂铁基有机金属化合物, 利用现代分析测试手段, 表征了这些化合物的组成和结构。研究了它们的电化学性质, 并通过电化学等方法对它们与不同金属离子或阴离子的识别响应性能进行了研究。 |
| ● |
| 相关链接 |
|
|
|
|
正题名:二茂铁功能化配体的合成及电化学客体识别性能研究
索取号:O627.8/9
 
预约/预借
| 序号 | 登录号 | 条形码 | 馆藏地/架位号 | 状态 | 备注 |
| 1 | 1203500 | 212035000 | 第二样本阅览室/ [索取号:O627.8/9] | 在馆 | |
| 2 | 1203501 | 212035019 | 第三借阅区/ [索取号:O627.8/9] | 在馆 | |
| 3 | 1203502 | 212035028 | 第三借阅区/ [索取号:O627.8/9] | 在馆 | |
| 4 | 1203503 | 212035037 | 第三借阅区/ [索取号:O627.8/9] | 在馆 |